000 00327nam a22001097a 4500
082 _a891.432/PRA
100 _aप्रसाद, ज्ञानेंद्र किशोर
_983815
245 _aलाल कनेर
260 _aभोपाल
_bआईसेक्ट
_c2021
650 _aनाटक
942 _cHIN
999 _c68803
_d68803